Economics (Record no. 1182)
[ view plain ]
| 000 -LEADER | |
|---|---|
| fixed length control field | 00720nam a22001937a 4500 |
| 020 ## - INTERNATIONAL STANDARD BOOK NUMBER | |
| ISBN | 0077129521 |
| 022 ## - INTERNATIONAL STANDARD SERIAL NUMBER | |
| ISSN | 9780077129521 |
| 050 ## - CALL NUMBER | |
| Classification number | BF171.5 |
| Item number | Ec7 |
| 100 ## - AUTHOR | |
| Personal name | David Begg |
| 110 ## - AUTHOR | |
| CORPORATE AUTHOR | Gianluigi Vernasca, Stanley Fischer, Rudiger Dornbusch, |
| 245 ## - TITLE | |
| Title | Economics |
| Statement of responsibility, etc | David Begg |
| 250 ## - EDITION | |
| Edition statement | 10th ed. |
| 260 ## - PUBLICATION INFORMATION | |
| Place of publication | New York , London |
| Name of publisher | McGraw-Hill Higher Education ; |
| Year of publication | 2011 |
| 300 ## - DESCRIPTION | |
| Number of Pages | xxxv,716p.: |
| Other physical details | ill.: colours. |
| Dimensions | 26cm. |
| 505 ## - FORMATTED CONTENTS NOTE | |
| Table of Content | Introduction --<br/>Positive microeconomics --<br/>Welfare economics --<br/>Macroeconomics --<br/>The world economy. |
| 650 ## - SUBJECTS | |
| Topical Term | Economics. |
| General subdivision | Economics -- Problems, exercises, etc. |
| 700 ## - OTHER AUTHORS | |
| Personal name | Gianluigi Vernasca, Stanley Fischer, Rudiger Dornbusch. |
| 942 ## - ADDED ENTRY ELEMENTS (KOHA) | |
| Koha item type | Books |
| Withdrawn status | Lost status | Collection code | Home library | Current library | Shelving location | Date acquired | Full call number | Accession Number | Copy number | Koha item type |
|---|---|---|---|---|---|---|---|---|---|---|
| Reference | Methodist University Library Main | Methodist University Library Main | General Stacks | BF171.5 Ec7 | 38874 | 1 | Books | |||
| Reference | Methodist University Library Main | Methodist University Library Main | General Stacks | BF171.5 Ec7 | 2020 | 2 | Books |